000 00287nam a22001337a 4500
008 171123b xxu||||| |||| 00| 0 eng d
020 _a9780943518992
041 _aeng
080 _a004
100 _a35
101 _aSHK
245 _aTEACH YOURSELF...C
_cSIEGEL,CH
942 _2udc
_cBK
999 _c38329
_d38329